| 000 | 00580cam a2200169 a 4500 | ||
|---|---|---|---|
| 008 | 040625s1987 py 000 0 spa u | ||
| 035 | _aa438255 | ||
| 050 | 0 | 0 |
_aHD6637 _bB37 1987 |
| 100 | 1 | _aBarboza, Ramiro | |
| 245 | 1 | 4 |
_aLos sindicatos en el Paraguay : _bevolución y estructura actual / _cRamiro Barboza. |
| 250 | _a1a ed. | ||
| 260 |
_a[Asunción, Paraguay] : _bCentro Interdisciplinario de Derecho Social y Economía Política, _c1987. |
||
| 300 |
_a565 p. ; _c19 cm. |
||
| 440 | 0 |
_aInvestigaciones ; _v4 |
|
| 650 | 4 |
_aSindicatos _zParaguay _xHistoria |
|
| 942 |
_2lcc _cLIB |
||
| 999 |
_c67023 _d67023 |
||